000 01295nam0a2200337 4500
001 RU\NLR\bibl\1821637
005 20250616161019.0
010 _a978-5-9910-1585-1
_910000
021 _aRU
_b2011-72881
_95178
035 _a(nilc)RSL-KNO-005027596
035 _a(NLR Aleph) 001812193
090 _a1887549
_c1887549
100 _a20110919d2011 |||y0rusy50 ca
101 0 _arus
102 _aRU
_aUA
105 _aa |||||||||
200 1 _aСамые необходимые научные данные и факты в одной книге
_eэнциклопедический справочник
_f[сост. Демус В. А.]
210 _aБелгород
_aХарьков
_cКлуб семейного досуга
_d2011
215 _a511 с.
_cил., табл.
_d21
225 1 _aСовременная научная библиотека
606 1 _aНаучно-популярная литература
_jСправочники
_91713164
_3RU\NLR\auth\66763730
686 _aЯ20(2Р)
_2rubbk
686 _aЯ9
702 1 _aДемус
_bВ. А.
_gВалерий Анатольевич
_4220
801 0 _aRU
_bRuMoRKP
_c20110919
_grcr
801 1 _aRU
_bРГБ
_c20110919
801 2 _aRU
_bNLR
_c20111017
_grcr
942 _cBOOK
980 _aNB
980 _aNBR